| 000 | 00458nam a2200157 a 4500 | ||
|---|---|---|---|
| 001 | 000047359 | ||
| 005 | 20201002060510.0 | ||
| 008 | 180508s1970 dr 000 0 spa d | ||
| 040 |
_aDO-SdBNP _bspa _cBNPHU |
||
| 082 |
_axx _bxx |
||
| 100 | 1 |
_aVillarreal Gónzalez, Fidel _975012 |
|
| 245 | 1 | 3 |
_aUn método para estudiar / _cFidel Villarreal Gónzalez. |
| 260 |
_aSanto Domingo : _bUASD, _c1970. |
||
| 300 |
_a19 p. ; _c22 cm. |
||
| 590 | _aInventariado, 2018/VM | ||
| 999 |
_c46847 _d46847 |
||